Pays formellement déconseillés aux français - Statistiques

Statistiques générales
  • Ce quiz a été pris 120 566 fois
    108 495 depuis la dernière actualisation
  • Le résultat moyen est 11 sur 18
Statistiques - réponses
Continent Pays % Correct
Europe Russie
88%
Europe Ukraine
78%
Asie Iran
74%
Asie Irak
73%
Asie Afghanistan
70%
Europe Biélorussie
69%
Afrique Mali
66%
Asie Syrie
65%
Asie Corée du Nord
61%
Afrique Soudan
60%
Afrique Niger
57%
Afrique Somalie
54%
Afrique Soudan du Sud
48%
Afrique Libye
47%
Amérique du Nord Haïti
44%
Asie Yémen
43%
Afrique Burkina Faso
33%
Afrique République Centrafricaine
29%
Aucun quiz correspondant
Distribution des résultats
% des personnes avec chaque résultat
Percentile par nombre de réponses
Votre historique - résultats
Vous n’avez pas pris ce quiz depuis la dernière actualisation